L'art de la these : (Record no. 111770)

MARC details
000 -LEADER
campo de control de longitud fija 01015cam a2200301Mi 4500
001 - NÚMERO DE CONTROL
campo de control 88867
005 - FECHA Y HORA DE LA ÚLTIMA TRANSACCIÓN
campo de control 20230411090047.0
008 - DATOS DE LONGITUD FIJA--INFORMACIÓN GENERAL
campo de control de longitud fija 060724s2006 fr a f 001 0 fre d
035 ## - NÚMERO DE CONTROL DEL SISTEMA
Número de control de sistema (OCoLC)ocn452810591
040 ## - FUENTE DE CATALOGACIÓN
Centro catalogador/agencia de origen SILIS
Normas de descripción ppiak
Lengua de catalogación slv
Centro/agencia transcriptor SILIS
020 ## - NÚMERO INTERNACIONAL ESTÁNDAR DEL LIBRO
Número Internacional Estándar del Libro 270714794X
020 ## - NÚMERO INTERNACIONAL ESTÁNDAR DEL LIBRO
Número Internacional Estándar del Libro 9782707147943
035 ## - NÚMERO DE CONTROL DEL SISTEMA
Número de control de sistema (OCoLC)452810591
044 ## - CÓDIGO DEL PAÍS DE LA ENTIDAD EDITORA/PRODUCTORA
Código MARC del país fr
Código ISO del país fra
080 ## - NÚMERO DE LA CLASIFICACIÓN DECIMAL UNIVERSAL
Número de la Clasificación Decimal Universal 001.8
049 ## - FONDOS LOCALES (OCLC)
Biblioteca depositaria GRAL
100 1# - ENTRADA PRINCIPAL--NOMBRE DE PERSONA
Nombre de persona Beaud, Michel.
Relación aut
245 02 - MENCIÓN DEL TÍTULO
Título L'art de la these :
Resto del título comment préparer et raediger un mémoire de master, une these de doctorat ou tout autre travail universitaire a l'ére du Net /
Mención de responsabilidad, etc. Michel Beaud ; en collaboration avec Magali Gravier et Alain de Tolédo.
250 ## - MENCION DE EDICION
Mención de edición Ed. révisée, mise a jour et élargie.
260 ## - PUBLICACIÓN, DISTRIBUCIÓN, ETC.
Lugar de publicación, distribución, etc. Paris :
Nombre del editor, distribuidor, etc. La Découverte,
Fecha de publicación, distribución, etc. 2006.
300 ## - DESCRIPCIÓN FÍSICA
Extensión 202 str. :
Otras características físicas ilustr. ;
Dimensiones 22 cm.
504 ## - NOTA DE BIBLIOGRAFÍA, ETC.
Nota de bibliografía, etc. Kazalo.
504 ## - NOTA DE BIBLIOGRAFÍA, ETC.
Nota de bibliografía, etc. Bibliografija: str. 194-195.
653 0# - TÉRMINO DE INDIZACIÓN--NO CONTROLADO
Término no controlado doktorske disertacije
-- naloge
-- priroécniki
942 ## - ELEMENTOS DE ENTRADA SECUNDARIOS (KOHA)
Fuente del sistema de clasificación o colocación Clasificación de Library of Congress
Tipo de ítem Koha
994 ## -
-- C0
-- DRFGD
946 ## - PROCESAMIENTO DE INFORMACIÓN LOCAL (OCLC)
a JP
Holdings
Estatus retirado Estado de pérdida Fuente del sistema de clasificación o colocación Estado de daño No para préstamo Colección Biblioteca de origen Biblioteca actual Ubicación en estantería Fecha de adquisición Código de barras Visto por última vez Copia número Tipo de ítem Koha
    Clasificación de Library of Congress     Automatización y Procesos Técnicos Biblioteca Juan Bosch Biblioteca Juan Bosch Automatización y Procesos Técnicos (1er. Piso) 11/04/2023 00000083482 17/02/2019 1